| 000 | 00726nam a22002537a 4500 | ||
|---|---|---|---|
| 005 | 20160121100234.0 | ||
| 008 | 120323s2012 nyua 001 0 eng | ||
| 020 | _a9780071765695 (alk. paper) | ||
| 041 | 0 | _aeng | |
| 080 | _a004 | ||
| 100 | 1 |
_aOehler, Karsten, _d1964- |
|
| 245 | 1 | 0 |
_aIBM Cognos TM1 : _cKarsten Oehler, Jochen Gruenes, Christopher Ilacqua. |
| 260 |
_aNew York : _bMcGraw-Hill, _c2012. |
||
| 300 |
_a777 f. : _bme il.; _c24 cm. |
||
| 505 | _aIndex: f. 749 - 777 | ||
| 630 | 0 | 0 | _aIBM Cognos TM1. |
| 650 | 0 | _aKompjuterat | |
| 650 | 0 | _aOrganizimi | |
| 650 | 0 | _aBiznesi | |
| 650 | 0 | _aBiznes Plani | |
| 700 | 1 | _aGruenes, Jochen. | |
| 700 | 1 | _aIlacqua, Christopher. | |
| 942 |
_2udc _cBK |
||
| 999 |
_c624 _d624 |
||